Ruben darío : antología poética /
Guardado en:
| Autor Principal: | |
|---|---|
| Formato: | Libro |
| Publicado: |
Buenos Aires :
Kapelusz,
1959
|
| Edición: | 2a. ed. |
| Materias: | |
| Etiquetas: |
Agregar Etiqueta
Sin Etiquetas, Sea el primero en etiquetar este registro!
|
| LEADER | 00612nam a22002175a 4500 | ||
|---|---|---|---|
| 001 | CEM.cems004146 | ||
| 005 | 20100922124722.0 | ||
| 008 | 130507s1959##################000#0#####d | ||
| 003 | CEMS | ||
| 082 | 0 | 4 | |a N868.3 |
| 100 | 1 | |a Marasso, Arturo | |
| 245 | 1 | 0 | |a Ruben darío : |b antología poética / |c Arturo Marasso |
| 250 | |a 2a. ed. | ||
| 260 | |a Buenos Aires : |b Kapelusz, |c 1959 | ||
| 300 | |a 445 p. | ||
| 653 | |a Antología | ||
| 653 | |a Literatura | ||
| 653 | |a Literatura hispanoamericana | ||
| 653 | |a Poesías | ||
| 653 | |a Poesía hispanoameicana | ||
| 859 | |a CEMS |b BIB. CEMS - 11 de abril |h N868.3 |i M325a2 |p 8129.80 |t Ej.1 | ||
